[Event "Pan American-ch School U15 12th"]
[Site "Callao"]
[Date "2023.10.17"]
[Round "3"]
[White "Valer Vega, Gadiel Fabian"]
[Black "Zuta Acosta, Lex Jayson"]
[Result "0-1"]
[WhiteElo "1037"]
[BlackElo "1186"]
[PlyCount "68"]
[EventDate "2023.10.16"]
[EventType "swiss"]
[EventRounds "9"]
[EventCountry "PER"]
[SourceTitle "Mega2024 Update 01"]
[Source "Chessbase"]
[SourceDate "2023.11.12"]
[SourceVersion "1"]
[SourceVersionDate "2023.11.12"]
[SourceQuality "1"]

1. e4 c5 2. Nc3 d6 3. Nf3 Nf6 4. Bc4 Nc6 5. Bb5 e5 6. Bxc6+ bxc6 7. d3 Bg4 8. h3 Bh5 9. Bg5 Be7 10. g4 Bg6 11. Nh4 Rb8 12. Na4 Qa5+ 13. Nc3 Rxb2 14. Qd2 0-0 15. Rb1 Rxb1+ 16. Nxb1 Qxa2 17. Nc3 Qa1+ 18. Nd1 Bxe4 19. Bxf6 Bxf6 20. g5 Bxh1 21. gxf6 e4 22. fxg7 Re8 23. Qe3 Qxg7 24. Nf5 Qg1+ 25. Kd2 Bf3 26. Nc3 Qg6 27. Nh4 Qf6 28. Nxf3 Qxf3 29. Qg5+ Kh8 30. Nxe4 d5 31. Ng3 Qxf2+ 32. Kc3 Qe1+ 33. Qd2 d4+ 34. Kc4 Qxd2 0-1

[Event "Pan American-ch School U15 12th"]
[Site "Callao"]
[Date "2023.10.16"]
[Round "2"]
[White "Munoz Aguilera, Edward Godfred"]
[Black "Valer Vega, Gadiel Fabian"]
[Result "1-0"]
[WhiteElo "1247"]
[BlackElo "1037"]
[PlyCount "45"]
[EventDate "2023.10.16"]
[EventType "swiss"]
[EventRounds "9"]
[EventCountry "PER"]
[SourceTitle "Mega2024 Update 01"]
[Source "Chessbase"]
[SourceDate "2023.11.12"]
[SourceVersion "1"]
[SourceVersionDate "2023.11.12"]
[SourceQuality "1"]

1. d4 d5 2. Nf3 e6 3. e3 c5 4. c3 Qb6 5. Bd3 Nf6 6. Nbd2 cxd4 7. cxd4 Bb4 8. 0-0 0-0 9. b3 Bd7 10. Bb2 Nc6 11. Ne5 Nxe5 12. dxe5 Ne8 13. a3 Bxd2 14. Qxd2 Qxb3 15. Bc3 Nc7 16. Rfb1 Qa4 17. Rxb7 Rfc8 18. Rb4 Qa5 19. Bxh7+ Kxh7 20. Rh4+ Kg8 21. Bxa5 Bb5 22. Qe2 g6 23. Qf3 1-0